000 00973nmm a2200289 a 4500
001 ocm0001683050
003 TR-IsHL
005 20201028170008.0
008 171224s2014 tu tur
007 cr cn
020 _a9789944122375
035 _a1683050
_b(N$T)
050 0 4 _aHB97.5
_b.M3719 2014
090 0 4 _aHB97.5
_b.M3719 2014
245 1 0 _aMarksist iktisat el kitabı: temel tanımlar= Marxist economics: a handbook of basic definitions
_h[electronic resource] /
_cçeviren Nail Satlıgan
250 _aÜçüncü basım
260 _aİstanbul :
_bYordam Kitap,
_c2014
300 _a96 p.
500 _aSözlük var.
_x
650 4 _aEkonomi ve Finans
650 4 _aEconomics and Finance
650 0 _aMarksist ekonomi
650 0 _aMarxian economics
650 7 _aBUSINESS & ECONOMICS / General
_2bisacsh
700 1 _aSatlıgan, Nail
856 4 0 _uhttp://search.ebscohost.com/login.aspx?direct=true&scope=site&db=e011xww&AN=1683050
999 _c16042
_d16042